000
00409nam a2200133Ia 4500
008
100328s9999 xx 000 0 und d
082
_b
30037
100
_a
कुलकर्णी भी. ब.
245
_a
संभाषणकला
260
_b
मॅजेस्टिक बुक स्टॉल
630
_a
संभाषणकला
730
_a
संभाषणकला
942
_c
BOOK
999
_c
521025
_d
521022